Franta Kocourek král železa a srandy

Bibliographic Details
Main Author: Vondák, Jiří (Author)
Format: Book
Language:Czech
Published: Bratislava Petrus 2018
Edition:První vydání
Series:Effigies
Subjects:

MARC

LEADER 00000nam a2200000 4500
001 vtls011762333
003 SK-MaSNL
005 20260301183303.0
008 200316s2018 xo oa g h 000 0bcze
015 |a SNBA2018/07 
020 |a 9788089913060  |q (brožované)  |z 9788089913091 
035 |a urn:nbn:sk:snk-am00dh4w 
035 |a urn:nbn:sk:snk-am3i22q 
035 |a 00A3DAE7-66E8-4076-85B3-03C9325A035E 
040 |a SNK  |b slo  |c SNK  |e rda 
041 0 |a cze 
043 |a e-xr--- 
044 |a xo  |c SK 
072 7 |a 791/793  |x Divadlo, film, tanec (všeobecne)  |2 konspekt 
072 7 |a 929  |x Biografie  |2 konspekt 
080 |a 791/792.071.2  |2 2011 
080 |a (437.322)  |2 2011 
080 |a 929  |2 2011 
080 |a 316.72/.75-027.22  |2 2011 
080 |a (092)  |2 2011 
080 |a (0:82-94)  |2 2011 
100 1 |a Vondák, Jiří  |4 aut  |9 558355 
245 1 0 |a Franta Kocourek  |b král železa a srandy  |c Jiří Vondrák 
246 3 0 |a Král železa a srandy 
250 |a První vydání 
264 1 |a Bratislava  |b Petrus  |c 2018 
300 |a 355 strán  |b fotografie, ilustrácie  |c 21 cm 
336 |a text  |b txt  |2 rdacontent 
337 |a bez média  |b n  |2 rdamedia 
338 |a zväzok  |b nc  |2 rdacarrier 
490 1 |a Effigies  |v VI. svazek 
600 1 7 |a Kocourek, Franta,  |d 1947-1991  |2 SNKMA  |9 175853 
648 7 |a 20. storočie  |2 SNKPH  |9 278343 
648 7 |a 20th century  |2 SNKPHeng  |9 277995 
650 0 7 |a herci  |2 SNKPH  |9 3087 
650 0 7 |a Actors  |2 SNKPHeng  |9 278341 
650 0 7 |a osobnosti  |2 SNKPH  |9 29820 
650 0 7 |a Celebrities  |2 SNKPHeng  |9 265203 
650 0 7 |a kultúrny život  |2 SNKPH  |9 3182 
650 0 7 |a Cultural life  |2 SNKPHeng  |9 265153 
651 7 |a Brno (Česko)  |2 SNKPHgeo  |9 29499 
651 7 |a Brno (Czechia)  |2 SNKPHeng  |9 162621 
655 7 |a biografie  |2 SNKPH  |9 27965 
655 7 |a Biography  |2 SNKPHeng  |9 266314 
655 7 |a spomienky  |2 SNKPH  |9 29509 
655 7 |a Reminiscences  |2 SNKPHeng  |9 93477 
830 0 |a Effigies  |9 372348 
919 |a 978-80-89913-06-0 
958 |a BC 
999 |c 856464  |d 858394 
952 |a SNK  |b SNK  |y PREZ  |7 0  |p 17A1331836  |o snkSC 179906  |i snk2018/13047  |8 0  |0 0  |1 0  |4 0  |d 2018-06-15  |f 1  |l 0  |r 2026-02-24 04:59:14  |w 2026-02-24 
952 |a SNK  |b SNK  |y VYP  |7 0  |p 17A1331837  |o snkSC 179906 D1  |i snk2018/13048  |8 0  |0 0  |1 0  |4 0  |d 2018-06-15  |l 0  |r 2026-02-24 04:59:14  |w 2026-02-24